01149nam a2200193Ia 4500001001000000003001000010008004100020040002500061041001400086100001800100245009900118250001100217260009000228300002700318500023300345501011400578520023300692650003000925L220-4135IT-CnALBA170116s9999||||xx |||||||||||||| ||und|| aIT-CnALBAcIT-CnALBA aBILINGUE  aISAIA PROFETA 0aSACRA SCRITTURA GIUSTA LA VOLGATA. PREFAZIONE SOPRA I PROFETI E IL LIBRO DI ISAIA. TOMO XIII.  a1a ed. a GE LUGDUNIbOLZATI AGOST., STAMPERIA c1790 [1° Ed.:1790 - Ed.Ling.Originale: 1790] a538 p. (prefazione: 1) aSPIEGAZIONI LETTERALI E SPIRITUALI TRATTE DAI SS. PADRI E AUTORI ECCLESIASTICI DA DON LUIGI ISACCO, LE MAISTRE DE SACY, TRADOTTE DAL FRANCESE. BIBBIA ILLUSTRATA. VECCHIO TESTAMENTO. LUNGA PREFAZIONE SUI PROFETI. LIBRO DI ISAIA.  aSocietà San Paolo EM - Piazza San Paolo, 14 - 12051 ALBA (CN) (non commercial uses only) ® Copyright 2017 aSPIEGAZIONI LETTERALI E SPIRITUALI TRATTE DAI SS. PADRI E AUTORI ECCLESIASTICI DA DON LUIGI ISACCO, LE MAISTRE DE SACY, TRADOTTE DAL FRANCESE. BIBBIA ILLUSTRATA. VECCHIO TESTAMENTO. LUNGA PREFAZIONE SUI PROFETI. LIBRO DI ISAIA.  aBIBBIA - TESTI E COMMENTI